00371nam a22001452 4500001001100000005001700011008004100028040001500069245003600084250001300120260002800133300001500161610004600176852000300222000001328120151217155856.0090727s xx 000 0 eng d aKABUcKABU10aCharter for Kabarak University. a1st ed. aKabarak :bKABU,c2008. a26 leaves.20aKabarak UniversityxCharters.@00001597131